Pensamientos desordenados / (Registro nro. 24887)
[ vista simple ]
| 000 -LEADER | |
|---|---|
| fixed length control field | 01328cam a2200361 i 4500 |
| 001 - CONTROL NUMBER | |
| control field | 24887 |
| 003 - CONTROL NUMBER IDENTIFIER | |
| control field | Mx-PuUPA |
| 005 - DATE AND TIME OF LATEST TRANSACTION | |
| control field | 20250826164026.0 |
| 008 - FIXED-LENGTH DATA ELEMENTS--GENERAL INFORMATION | |
| fixed length control field | 140415s1995 sp gr 001 0 spa d |
| 017 ## - COPYRIGHT OR LEGAL DEPOSIT NUMBER | |
| Copyright or legal deposit number | VA-633/95 |
| 020 ## - INTERNATIONAL STANDARD BOOK NUMBER | |
| International Standard Book Number | 8481640794 |
| 040 ## - CATALOGING SOURCE | |
| Original cataloging agency | Mx-PuUPA |
| Language of cataloging | spa |
| Transcribing agency | Mx-PuUPA |
| Modifying agency | Mx-PuUPA |
| Description conventions | rda |
| 041 1# - LANGUAGE CODE | |
| Language code of text/sound track or separate title | spa |
| Language code of original | fre |
| 100 1# - MAIN ENTRY--PERSONAL NAME | |
| Personal name | Weil, Simone, |
| Dates associated with a name | 1909-1943 |
| 9 (RLIN) | 17241 |
| Relator term | autor |
| 240 10 - UNIFORM TITLE | |
| Uniform title | Pensées sans ordre concernant l'amour de Dieu. |
| Language of a work | Español |
| 245 10 - TITLE STATEMENT | |
| Title | Pensamientos desordenados / |
| Statement of responsibility, etc. | Simone Weil ; traducción de María Tabuyo y Agustín López |
| 264 #1 - PRODUCTION, PUBLICATION, DISTRIBUTION, MANUFACTURE, AND COPYRIGHT NOTICE | |
| Place of production, publication, distribution, manufacture | Madrid, España : |
| Name of producer, publisher, distributor, manufacturer | Editorial Trotta, |
| Date of production, publication, distribution, manufacture, or copyright notice | ©1995 |
| 300 ## - PHYSICAL DESCRIPTION | |
| Extent | 101 páginas ; |
| Dimensions | 23 páginas |
| 336 ## - CONTENT TYPE | |
| Fuente | rdacontent |
| Content type term | texto |
| Content type code | txt |
| 337 ## - MEDIA TYPE | |
| Source | rdamedia |
| Media type term | sin medio |
| Media type code | n |
| 338 ## - CARRIER TYPE | |
| Source | rdacarrier |
| Carrier type term | volumen |
| Carrier type code | nc |
| 490 0# - SERIES STATEMENT | |
| Series statement | Colección Estructuras y Procesos |
| 490 0# - SERIES STATEMENT | |
| Series statement | Religión |
| 600 04 - SUBJECT ADDED ENTRY--PERSONAL NAME | |
| Personal name | Dios (Cristianismo) |
| General subdivision | Adoración y amor |
| 600 04 - SUBJECT ADDED ENTRY--PERSONAL NAME | |
| Personal name | Dios (Cristianismo) |
| General subdivision | Amor |
| 700 1# - ADDED ENTRY--PERSONAL NAME | |
| Personal name | Tabuyo, María, |
| Relator term | traductor |
| 700 1# - ADDED ENTRY--PERSONAL NAME | |
| Personal name | López, Agustín, |
| Relator term | traductor |
| 765 0# - ORIGINAL LANGUAGE ENTRY | |
| Main entry heading | Weil, Simone |
| Title | Pensées sans ordre concernant l'amour de Dieu |
| Place, publisher, and date of publication | Éditions Gallimard, 1962 |
| 942 ## - ADDED ENTRY ELEMENTS (KOHA) | |
| Source of classification or shelving scheme | Dewey Decimal Classification |
| Koha item type | Libro |
| Classification part | 231.6 |
| Item part | W4518 |
| Withdrawn status | Lost status | Source of classification or shelving scheme | Damaged status | Not for loan | Collection code | Home library | Current library | Shelving location | Date acquired | Source of acquisition | Cost, normal purchase price | Total Checkouts | Full call number | Barcode | Date last seen | Cost, replacement price | Price effective from | Koha item type |
|---|---|---|---|---|---|---|---|---|---|---|---|---|---|---|---|---|---|---|
| Dewey Decimal Classification | General | Biblioteca Karol Wojtyla | Biblioteca Karol Wojtyla | Sala general | 03/12/2013 | Donación | 0.00 | 231.6 W4518 1995 | 46471 | 05/01/2026 | 0.00 | 03/12/2013 | Libro |